000 01880nam0a2200349 4500
001 RU\NLR\bibl\1727418
005 20250616074433.0
010 _a978-5-9273-1620-5
_9100
021 _aRU
_b2010-102162
_96906
035 _a(NLR Aleph) 001718384
090 _a1324035
_c1324035
100 _a20110126d2009 |||y0rusy50 ca
101 0 _arus
_ager
102 _aRU
105 _aa |||||||||
200 1 _aDer Mensch und die Umwelt
_eучебное пособие для студентов, изучающих немецкий язык
_fО.В. Кашкина, С.В. Семочко, Г.И. Шевелева
_gФедер. агентство по образованию. Гос. образоват. учреждение высш. проф. образования "Воронеж. гос. ун-т", Фак. романо-герм. филологии
210 _aВоронеж
_cИздательско-полиграфический центр Воронежского государственного университета
_d2009
215 _a79 с.
_cил.
_d20
_e1 электрон. опт. диск (CD-ROM)
300 _aНа обл. авт. не указаны
320 _aБиблиогр.: с. 4
606 1 _aНемецкий язык
_jУчебные издания для высших учебных заведений
_91063964
_3RU\NLR\auth\66413315
686 _aШ143.24-93рус31
686 _aШ143.24-942
700 1 _4070
_aКашкина
_bО. В.
_cканд. филол. наук
_gОльга Владимировна
_9192969
_3RU\NLR\AUTH\770193020
701 1 _aСемочко
_bС. В.
_gСветлана Валерьевна
_4070
701 1 _aШевелева
_bГ. И.
_gГалина Иосифовна
_4070
801 0 _aRU
_bNLR
_c20110126
_gRCR
801 1 _aRU
_bNLR
_c20110126
942 _cBOOK
980 _aNB